| 000 | 00747nam a2200205Ia 4500 | ||
|---|---|---|---|
| 999 |
_c5259 _d5259 |
||
| 003 | OSt | ||
| 005 | 20200504154918.0 | ||
| 008 | 191128s1986 ck a gr 000 0 spa d | ||
| 040 |
_aCO-JMCR _cCO-JMCR |
||
| 041 | 0 | _aspa | |
| 082 |
_a326 / _bA773p _223 |
||
| 100 | 1 |
_aArrazola Caicedo, Roberto, _eautor _93878 |
|
| 245 | 1 | 0 |
_aPalenque, primer pueblo libre de América / _cRoberto Arrazola |
| 260 |
_aBogotá : _bCámara de Representantes, _c1986 |
||
| 300 |
_a228 páginas : _bilustraciones a blanco y negro ; _c24 cm. |
||
| 650 | 1 | 4 |
_aPalenque de San Basilio _xhistoria _zBolívar (Colombia) _93879 |
| 650 | 1 | 4 |
_aVida social y costumbres _zBolívar (Colombia) _93880 |
| 650 | 1 | 4 |
_aEsclavitud en Colombia _xhistoria _zBolívar _93881 |
| 942 |
_2ddc _cBK |
||